| 000 | 00715cam a2200229 i 4500 | ||
|---|---|---|---|
| 020 | _a9781461476146 (alk. paper) | ||
| 050 | 0 | 0 |
_aRA 790.95 _b.C85 |
| 245 | 0 | 0 |
_aCultural consultation : _bencountering the other in mental health care / _cLaurence J. Kirmayer, Jaswant Guzder, Cécile Rousseau, editors. |
| 300 | _a355 pages : | ||
| 650 | 0 | _xSocial aspects | |
| 650 | 0 | _xSocial aspects | |
| 650 | 0 | _xMental health services | |
| 650 | 0 | _xPsychological aspects. | |
| 650 | 1 | 2 |
_xpsychology _vCase Reports. |
| 650 | 1 | 2 | _vCase Reports. |
| 650 | 2 | 2 | _vCase Reports. |
| 650 | 2 | 2 | _vCase Reports. |
| 700 | 1 | _aKirmayer, Laurence J., | |
| 700 | 1 | _aGuzder, Jaswant, | |
| 700 | 1 | _aRousseau, Cécile, | |
| 942 |
_2lcc _cGEN |
||
| 999 |
_c4863 _d4863 |
||